Sports Quiz

Random Sports or Soccer Quiz

World Cup Final Teams Quiz Stats

Quiz Updated Jul 14, 2016

Challenge
Share
Tweet
Embed
Score 0/12 Timer 03:00
20 Plays Today
Appearances Team % Correct
8Germany
99.2%
7Brazil
99.2%
5Argentina
97.5%
6Italy
95.6%
1Spain
95.2%
2France
95.1%
1England
91.8%
3Netherlands
91.3%
2Uruguay
84.9%
1Sweden
61.6%
2Hungary
49%
2Czechoslovakia
41.7%

You're not logged in!

Compare scores with friends on all Sporcle quizzes.
Sign Up with Email
OR
Log In

You Might Also Like...

Show Comments

Extras

Top Quizzes Today


Score Distribution

Your Account Isn't Verified!

In order to create a playlist on Sporcle, you need to verify the email address you used during registration. Go to your Sporcle Settings to finish the process.